guess Taylor swift mv by the picture! - Statistics

General Stats
  • This quiz has been taken 81 times
  • The average score is 16 of 20
Answer Stats
Picture Answer % Correct
love story
98%
bad blood
94%
you need to calm down
94%
fortnight
92%
cardigan
90%
all too well
89%
lavender haze
89%
lover
89%
the man
89%
willow
89%
delicate
87%
out of the woods
83%
wildest dreams
83%
you belong with me
79%
our song
78%
22
76%
i bet you think about me
68%
karma
68%
mine
52%
babe
30%
No matching quizzes found
Score Distribution
Percent of People with Each Score
Percentile by Number Answered
Your Score History
You have not taken this quiz